World food security and crop production technologies for tomorrow

Enregistré dans:
Détails bibliographiques
Format: Livre
Langue:Undetermined
Publié: Tokyo Kyoto International Confrence Hall 1998
Sujets:
Tags: Ajouter un tag
Pas de tags, Soyez le premier à ajouter un tag!
Thư viện lưu trữ: Trung tâm Học liệu Trường Đại học Cần Thơ
LEADER 00507nam a2200169Ia 4500
001 CTU_127144
008 210402s9999 xx 000 0 und d
082 |a 630 
082 |b W924 
245 0 |a World food security and crop production technologies for tomorrow 
245 0 |c Takeshi Hoire, ... [et al.] 
260 |a Tokyo 
260 |b Kyoto International Confrence Hall 
260 |c 1998 
650 |a World food secutity 
904 |i Nguyên 
980 |a Trung tâm Học liệu Trường Đại học Cần Thơ